000 00630nam a22002297a 4500
005 20170124110122.0
010 _aA-949930
020 _c150.00
035 _aA-949930
037 _bCen Lib/Ret
040 _aDPL
_bEN
082 _a929.3
_bAHM
100 _aAhmed Khan
_930859
245 _aAn account of the loyal Mahomedans of India /
_cby Ahmed Khan
246 _b
260 _bKhuda Bakhsh Oriental Public Library
_c1998
_aPatna
270 _bBihar
300 _avarious pagings
_c21cm(Hb)
650 _aReligion
_930860
650 _aIndia -- Mahomedans
_930861
942 _2ddc
_cEN
_h929.3
_mAHM
999 _c131106
_d131106